000 00446nam a2200157 i 4500
001 120004
003 ES-MaACL
005 20230906191440.0
007 t|
008 070214s1919 sp r ||||1| spa d
245 0 3 _aLa pintura vasca, 1909 - 1919
_b: antología.
260 _aBilbao :
_bBiblioteca de Amigos del País,
_c1919.
300 _aXV, 278 p. ;
_c21 x 14 cm.
650 4 _aPintura-
_zPaís Vasco.
_9163326
852 _aES-MaACL
_jF-1514
999 _c120004
_d120004